000 00765nam a2200217 i 4500
001 13525
003 ES-MaACL
005 20240319164213.0
007 t|
008 980427s1994 sp ||||1| spa d
020 _a84-606-1713-0
080 _a75 Giordano, Luca. San Fernando ante la Virgen
245 0 0 _aSan Fernando ante la Virgen de Luca Giordano /
_c: la recuperación de una obra maestra del Museo Municipal de Madrid.
260 _aMadrid :
_bMuseos Municipales,
_c[1994]
300 _a94 p. :
_bil. col. ;
_c26 cm.
600 1 4 _aGiordano, Luca.
_tSan Fernando ante la Virgen.
_957163
710 2 _aMuseos Municipales (Madrid)
_95931
710 2 _aMuseo Municipal de Madrid
_95892
852 _aES-MaACL
_jL-20845
_bR.126517
999 _c13525
_d13525